[Event "European Blitz-ch 2018"]
[Site "Skopje"]
[Date "2018.12.06"]
[Round "3"]
[White "Stevic, Hrvoje"]
[Black "Bruned, Yvain"]
[Result "1-0"]
[WhiteElo "2587"]
[BlackElo "2286"]
[Annotator "TA"]
[PlyCount "51"]
[EventDate "2018.12.06"]
[EventType "swiss"]
[EventCountry "MKD"]
[SourceTitle "playchess.com"]
[Source "ChessBase"]
[SourceQuality "1"]

{[%evp 16,51,24,29,93,87,95,100,114,103,110,87,139,134,133,136,139,146,133,111,164,186,254,218,201,157,220,108,79,64,196,69,268,241,29994,29995,29995,29996]} 1. e4 c5 2. c3 d5 3. exd5 Qxd5 4. d4 Nf6 5. Nf3 Bg4 6. dxc5 Qxc5 7. Be3 {B22: Sicilian: 2 c3} (7. h3 Bh5 8. Na3 a6 9. Be3 Qc7 10. Qa4+ Nbd7 11. Bf4 {½-½ (11) Zhigalko,S (2656)-Topalov,V (2813) Baku 2015}) 7... Qc8 8. Na3 {[%cal Bb1a3,Ba3c4,Bc4e5][%mdl 32]} a6 9. h3 {LiveBook: 3 Games. White has an edge.} Bh5 (9... Bf5 $11 {keeps the balance.}) 10. Nc4 {Black must now prevent Nb6.} Nbd7 11. g4 $1 {[%cal Rg4h5]} Bg6 {[#]} 12. g5 $1 {[%cal Rg5f6]} Ne4 13. Nfe5 {And now Nxd7 would win.} Nxe5 (13... Nec5 $142) 14. Nxe5 $16 Nd6 {[#]} 15. Bg2 $146 {[%mdl 2048] Qa4+ is the strong threat. White is in control.} ({Predecessor:} 15. Qb3) 15... f6 16. Nxg6 hxg6 17. Qd3 Nf5 (17... Qf5 $16 18. O-O-O Rh4) 18. O-O-O $18 Kf7 (18... e6 {was necessary.} 19. Kb1 Be7) 19. h4 {Strongly threatening h5!} e6 20. h5 gxh5 (20... Rxh5 $16 21. Rxh5 gxh5) 21. Bf3 (21. Be4 $18 {is more deadly. aiming for Bxf5.} Nxe3 22. Bg6+ (22. fxe3 f5 $11) 22... Kg8 23. Qxe3) 21... g6 $16 22. gxf6 {Hoping for Rhg1.} Kxf6 {[#]} (22... Qc7 $14) 23. Rhg1 ({White should play} 23. Be4 $1 $18 {[%cal Re4f5]} Bc5 24. Bxf5 gxf5 25. Rhg1) 23... Be7 $2 (23... Bh6 $14) 24. Bd4+ $18 Nxd4 $2 (24... Kf7 $18 25. Bxh8 Qxh8 26. Bxb7 Rd8) 25. Qxg6+ Ke5 26. Rxd4 {Precision: White = 55%, Black = 30%.} 1-0

[Event "European Blitz-ch 2018"]
[Site "Skopje"]
[Date "2018.12.06"]
[Round "3"]
[White "Djukic, Nikola"]
[Black "Nikcevic, Nebojsa"]
[Result "1-0"]
[WhiteElo "2574"]
[BlackElo "2434"]
[Annotator "TA"]
[PlyCount "71"]
[EventDate "2018.12.06"]
[EventType "swiss"]
[EventCountry "MKD"]
[SourceTitle "playchess.com"]
[Source "ChessBase"]
[SourceQuality "1"]

{[%evp 20,71,16,16,24,34,32,16,22,2,34,36,35,22,44,29,81,70,71,74,150,150,302,142,171,73,79,62,74,50,54,10,30,34,116,123,681,661,660,646,756,728,781,618,702,338,2224,4890,4886,2550,29974,29975,5900,5018]} 1. Nf3 Nf6 2. g3 d5 3. Bg2 c5 4. O-O Nc6 5. d4 e6 6. c4 Be7 7. cxd5 Nxd5 8. Nc3 O-O 9. Nxd5 exd5 10. dxc5 Bxc5 11. a3 {LiveBook: 39 Games} Bg4 {D41: Queen's Gambit Declined: Semi-Tarrasch with 5 cxd5} 12. b4 Bb6 13. Bb2 Re8 $146 {The position is equal.} ({Predecessor:} 13... Bc7 14. h3 Bh5 15. Nd4 Ne7 16. Qd2 Rc8 17. Qg5 Bg6 18. Rfd1 {1-0 (33) Stephanus,J-Ripperger,R St Ingbert 1987}) 14. h3 Bh5 15. e3 Qd6 16. Qb3 $36 {[%mdl 2048] White has the initiative.} Rad8 17. Rad1 a6 (17... f6 $11 {keeps the balance.}) 18. Rd2 $1 $16 f6 19. Nd4 Ne5 (19... Bxd4 $142 20. Bxd4 Bf7) 20. Nf5 $1 {[%csl LRd5,LRd6]} Qd7 $2 (20... Qe6 $16) 21. Bxe5 ({Less strong is} 21. Bxd5+ Kf8 $16) (21. Qxd5+ Qxd5 22. Bxd5+ Kf8 $14) (21. Rxd5 $18 {is the precise move to win.} Qf7 22. g4) 21... Rxe5 {[#]} 22. Nd4 (22. Rxd5 $1 $18 {[%mdl 512] is more deadly.} Rxd5 23. Qxd5+ Kf8 24. Qxb7 Qxb7 25. Bxb7) 22... Kh8 23. Rc1 Ree8 24. g4 Bf7 25. Qd3 Rc8 26. Rcd1 Rc4 ({Black should try} 26... Re5 $14) 27. Nf5 g6 $2 {[%mdl 8192] [#]} (27... d4 $16) 28. Qxc4 $1 $18 {[%mdl 576] Pin} gxf5 (28... dxc4 29. Rxd7) 29. Bxd5 Bxd5 30. Rxd5 Qf7 31. gxf5 Rg8+ 32. Kh2 (32. Kf1 $142) 32... Qh5 $2 (32... Bc7+ 33. f4 Qg7) 33. Rg1 Rxg1 34. Kxg1 Kg7 35. Qc8 Qg5+ 36. Kf1 {Accuracy: White = 61%, Black = 14%.} 1-0

[Event "European Blitz-ch 2018"]
[Site "Skopje"]
[Date "2018.12.06"]
[Round "3"]
[White "Brkic, Ante"]
[Black "Musovic, Armin"]
[Result "1-0"]
[WhiteElo "2563"]
[BlackElo "2301"]
[Annotator "TA"]
[PlyCount "105"]
[EventDate "2018.12.06"]
[EventType "swiss"]
[EventCountry "MKD"]
[SourceTitle "playchess.com"]
[Source "ChessBase"]
[SourceQuality "1"]

{[%evp 13,105,35,44,0,22,17,18,21,59,25,48,42,20,10,82,66,138,118,113,85,77,50,68,41,110,103,120,134,139,141,296,293,587,587,586,586,585,580,553,560,555,539,537,530,523,524,506,493,486,441,441,437,432,428,441,441,434,427,589,589,842,839,832,793,778,751,1769,1671,29946,29954,29962,29963,29965,8555,29964,29966,29964,29963,8210,8175,8416,7833,5990,5728,1412,1394,29987,29982,29982,29983,29983,29984,29983,29984]} 1. e4 c6 2. d4 d5 3. exd5 cxd5 4. Bd3 Nc6 5. c3 Nf6 6. Bf4 g6 7. Nf3 Nh5 {LiveBook: 6 Games. B13: Caro-Kann: Exchange Variation and Panov-Botvinnik Attack} 8. Bg5 (8. Be3 {feels hotter.} Bg7 9. O-O O-O 10. Nbd2 Qc7 11. Re1) 8... Qb6 $146 ({Predecessor:} 8... Bg7 9. h3 O-O 10. Na3 f6 11. Be3 e5 12. g4 Nf4 13. Bxf4 exf4 14. Qd2 Qe7+ 15. Qe2 {1-0 (60) Tukhaev,A (2551)-Rozum,I (2581) Kolkata 2018}) 9. Qb3 Qxb3 {The position is equal.} 10. axb3 {[%cal Ba2b3,Bb3b4,Bb4b5][%mdl 32]} Bg7 11. b4 O-O 12. b5 Nd8 13. O-O $36 {[%mdl 2048] White is more active.} f6 (13... Ne6 $11) 14. Be3 $16 Bh8 (14... e5 $14) 15. Nbd2 Nf7 16. Ra3 e5 17. dxe5 fxe5 18. Be2 ({Of course not} 18. Rxa7 Rxa7 19. Bxa7 e4 $15) 18... Bg4 ({Black should try} 18... Re8 $14) 19. h3 ({Worse is} 19. Rxa7 Rxa7 20. Bxa7 e4 $17) 19... Bd7 20. Rfa1 ({Not} 20. Rxa7 Rxa7 21. Bxa7 Nf4 $15) 20... Nd6 21. Rxa7 Rab8 $2 {[#]} (21... Rxa7 $16 {keeps fighting.} 22. Rxa7 Rb8) 22. Bc5 $18 Bxb5 $2 (22... Nc8 23. Bxf8 Kxf8) 23. Bxd6 Bxe2 24. Bxb8 Rxb8 25. Ra8 Rxa8 26. Rxa8+ Kg7 27. Nxe5 Nf4 28. Nf7 {[%mdl 64] [#] Deflection} Kxf7 29. Rxh8 {[%mdl 4096] Endgame KRN-KBN} Kg7 30. Rb8 Ba6 31. Nb3 Nd3 32. Na5 Nxb2 33. Nxb7 Nd1 34. Nc5 Bc4 35. Na4 h5 36. Nb2 Nxc3 37. Nxc4 dxc4 {KR-KN} 38. Rc8 Nd5 39. Rxc4 Kf6 40. h4 Kf7 41. g3 Kg7 42. Kg2 Nf6 43. Rc7+ (43. Kf3 $142 Ne8 44. Rc5 Nd6 45. Kf4 Nf7 46. f3 Nh6 47. Rc7+ Kf6 48. g4) 43... Kh6 44. Kf3 Ng4 45. Rc5 Kg7 46. Rc2 Kf6 47. Kf4 Ne5 48. f3 Nd3+ 49. Ke4 Nb4 50. Rc4 {White mates.} Na2 51. Kd3 Ke5 52. Kc2 Kd5 53. Ra4 {Accuracy: White = 83%, Black = 28%.} 1-0

[Event "European Blitz-ch 2018"]
[Site "Skopje"]
[Date "2018.12.06"]
[Round "3"]
[White "Jankovic, Alojzije"]
[Black "Pogan, Nikolas"]
[Result "1/2-1/2"]
[WhiteElo "2557"]
[BlackElo "2228"]
[Annotator "TA"]
[PlyCount "65"]
[EventDate "2018.12.06"]
[EventType "swiss"]
[EventCountry "MKD"]
[SourceTitle "playchess.com"]
[Source "ChessBase"]
[SourceQuality "1"]

{[%evp 22,65,36,33,40,35,39,39,35,13,17,3,14,15,21,-10,-10,-10,-10,-43,-43,-43,-43,-43,-43,-43,-34,-43,-34,-43,-47,-47,-43,-43,-43,-43,-43,-43,-43,-43,-43,-43,-36,-43,-29,-43]} 1. d4 Nf6 2. Nf3 g6 3. c4 Bg7 4. Nc3 O-O 5. e4 d6 6. Be2 Bg4 7. Be3 Nfd7 8. d5 {E91: King's Indian: Classical: 6 Be2, unusual replies including 6...c5 and 6...Bg4} (8. Rc1 e5 9. d5 a5 10. h3 Bxf3 11. Bxf3 f5 12. h4 f4 13. Bd2 Nc5 14. Qe2 h5 15. g4 fxg3 16. fxg3 Nba6 17. O-O Qd7 {0-1 (55) Steingrimsson,H (2573)-Kovalenko,I (2646) Batumi 2018}) 8... e5 9. Nd2 Bxe2 10. Qxe2 a5 11. O-O Na6 {[%cal Bb8a6,Ba6c5,Bc5b3][%mdl 32]} 12. a3 {LiveBook: 4 Games} f5 {[#] Threatens to win with ...f4.} 13. f3 Bf6 $146 ({Predecessor:} 13... Qh4 14. Rab1 Nac5 15. b4 axb4 16. axb4 Na4 17. Nxa4 Rxa4 {0-1 (39) Webb,L (2291)-Obgolts,E (2235) Sochi 2018}) 14. Kh1 Bg5 15. Bg1 Bxd2 16. Qxd2 Nac5 17. Qc2 a4 $1 18. Nb5 f4 19. g4 Kg7 20. Kg2 Rh8 21. Bf2 Nb3 22. Rad1 h5 {Strongly threatening ...hxg4.} 23. h3 h4 24. Rd3 Nbc5 25. Rc3 g5 26. Qe2 $1 b6 27. Rc2 Qc8 28. Be1 Kf7 29. Bb4 Qb7 30. Rc3 Ra6 31. Qc2 Rha8 32. Rb1 Kf6 33. Qd2 {Accuracy: White = 55%, Black = 79%.} 1/2-1/2

[Event "European Blitz-ch 2018"]
[Site "Skopje"]
[Date "2018.12.06"]
[Round "3"]
[White "Delchev, Aleksander"]
[Black "Putka, Verners"]
[Result "1/2-1/2"]
[WhiteElo "2552"]
[BlackElo "2307"]
[Annotator "TA"]
[PlyCount "51"]
[EventDate "2018.12.06"]
[EventType "swiss"]
[EventCountry "MKD"]
[SourceTitle "playchess.com"]
[Source "ChessBase"]
[SourceQuality "1"]

{[%evp 18,51,34,29,172,-13,-16,-54,125,133,133,119,214,205,217,195,238,231,374,387,454,448,658,662,639,641,578,162,172,60,62,0,170,0,36,0]} 1. e4 e5 2. Bc4 Nf6 3. d3 c6 4. Nf3 d5 5. Bb3 Bd6 6. exd5 cxd5 {C24: Bishop's Opening: 2...Nf6} (6... Nxd5 7. O-O O-O 8. Re1 Bg4 9. h3 Bh5 10. g4 Bg6 11. Nxe5 a5 12. Bd2 a4 13. Bxd5 cxd5 14. Nc3 {0-1 (48) Kovalenko,I (2657)-Fridman,D (2605) Minsk 2017}) 7. Bg5 Be6 8. Nc3 Bc7 9. d4 e4 10. Nd2 {LiveBook: 5 Games. Hoping for Bxf6.} h6 (10... Ba5 $11 {and Black stays safe.}) 11. Bh4 $146 {[#]} ({White has to play} 11. Bxf6 $1 $18 gxf6 12. Qh5) ({Predecessor:} 11. Bxf6 gxf6 12. Qh5 f5 13. g4 Qg5 14. Qxg5 hxg5 15. gxf5 Bxf5 16. Nxd5 {1-0 (39) Staroske,U-Schultz,K (1759) GER email 2011}) 11... g5 $1 $11 {[%cal Rg5h4]} 12. Bg3 e3 $2 (12... Bxg3 $15 {keeps the upper hand.} 13. Ba4+ Kf8 14. hxg3 Kg7) 13. fxe3 $16 Bxg3+ 14. hxg3 Qc7 (14... Bg4 $16 15. Nf3 Nc6) 15. Qf3 Nbd7 16. e4 (16. Bxd5 g4 $11) (16. Nxd5 Nxd5 17. e4 (17. Bxd5 g4 $11) 17... N5f6 $11) 16... O-O-O {...dxe4 would now be nice for Black.} 17. e5 (17. exd5 $6 Bg4) 17... Bg4 (17... Rhe8 {was necessary.} 18. O-O (18. Rxh6 Nxe5 19. dxe5 Qxe5+ 20. Kf1 Ng4 $11) (18. Nb5 Qb6 $16) 18... Ng8 19. Bxd5 Nxe5 20. dxe5 Qc5+ 21. Qf2 Qxf2+ 22. Rxf2 (22. Kxf2 Bxd5 23. Nxd5 Rxd5 $16) 22... Bxd5) 18. Qf2 $18 Nxe5 19. Qxf6 Nd3+ (19... Nc6 $142 20. O-O Qb6) 20. cxd3 Qxg3+ 21. Qf2 Qxd3 22. Nde4 $2 {[#]} (22. Nf3) 22... dxe4 23. Qd2 (23. d5 $18) 23... Qg3+ $14 24. Qf2 (24. Kf1 $1 $14 e3 25. Qe1 Qf4+ {[%mdl 64] Double Attack} 26. Kg1) 24... Qd3 $1 $18 25. Qd2 (25. d5 $18) 25... Qg3+ $1 $14 26. Qf2 {Accuracy: White = 40%, Black = 41%.} (26. Kf1 $5 {[%cal Rc3e4]} e3 27. Qe1 Qf4+ {[%mdl 64] Double Attack} 28. Kg1 $16) 1/2-1/2

[Event "European Blitz-ch 2018"]
[Site "Skopje"]
[Date "2018.12.06"]
[Round "3"]
[White "Potapov, Pavel"]
[Black "Saveliev, Alexei"]
[Result "1-0"]
[WhiteElo "2516"]
[BlackElo "2360"]
[Annotator "TA"]
[PlyCount "59"]
[EventDate "2018.12.06"]
[EventType "swiss"]
[EventCountry "MKD"]
[SourceTitle "playchess.com"]
[Source "ChessBase"]
[SourceQuality "1"]

{[%evp 11,59,1,88,88,87,90,88,84,83,71,111,95,122,85,79,85,110,84,111,98,127,111,137,105,294,279,566,556,793,769,782,737,700,655,785,745,1066,1024,2548,2455,29988,29989,29993,29992,29992,1614,29992,29993,29998,29999]} 1. e4 c5 2. c3 e5 3. Nf3 Nc6 4. Bc4 Be7 5. O-O Nf6 (5... Qc7 6. Na3 Nf6 7. d4 d6 8. dxc5 dxc5 9. Bg5 O-O 10. Bxf6 Bxf6 11. Nc2 Rb8 12. Ne3 b5 13. Bd5 Ne7 {1-0 (41) Szabo,G (2561)-Florescu,C (2293) Corund 2017}) 6. d4 {B22: Sicilian: 2 c3} d6 {LiveBook: 3 Games} (6... cxd4 $11 7. cxd4 exd4) 7. d5 $16 Nb8 8. Re1 {White is better.} O-O 9. a4 $146 ({Predecessor:} 9. h3 h6 10. b4 Nbd7 11. a4 a5 12. Ba3 b6 13. Qe2 g6 14. Nbd2 Nh5 15. Qf1 Ndf6 16. bxc5 bxc5 {1-0 (27) Buchnicek,P (2316)-Adamko,P (2086) Slovakia 2015}) 9... Ne8 10. Na3 g6 11. Bh6 Ng7 12. b4 {And now bxc5 would win.} cxb4 13. cxb4 Nd7 14. Bb3 Nf6 15. h3 $36 {[%mdl 2048] White is in control.} Nfh5 16. Nc4 Bd7 17. Rc1 f5 $2 (17... Rc8 $16) 18. Ncxe5 $18 dxe5 $2 (18... fxe4 {keeps fighting.} 19. Nxd7 (19. Rxe4 Bxa4 20. Bxa4 dxe5 $18) 19... Qxd7) 19. d6+ {[%mdl 64] Discovered Attack} Kh8 20. dxe7 Qxe7 21. exf5 Bxf5 22. Nxe5 Qf6 23. Rc7 Rad8 24. Qc1 Bxh3 25. Nf7+ Rxf7 26. Rxf7 Qh4 27. gxh3 Qxh3 28. Qe3 (28. Qg5 $142 Ra8 29. Bxg7+ Nxg7 {[#]} 30. Rxg7 $1 {[%mdl 512]} Qf3 31. Rg8+ $1 {[%mdl 576] Back Rank} Rxg8 32. Qe5+ Rg7 33. Qe8+ Qf8 34. Qxf8+ Rg8 35. Qxg8#) 28... Qg4+ 29. Kf1 Nf5 {[#]} 30. Qe8+ $1 {[%mdl 576] Back Rank. Accuracy: White = 71%, Black = 20%.} 1-0

[Event "European Blitz-ch 2018"]
[Site "Skopje"]
[Date "2018.12.06"]
[Round "3"]
[White "Nenezic, Marko"]
[Black "Nazaretyan, Tigran"]
[Result "0-1"]
[WhiteElo "2515"]
[BlackElo "2250"]
[Annotator "TA"]
[PlyCount "80"]
[EventDate "2018.12.06"]
[EventType "swiss"]
[EventCountry "MKD"]
[SourceTitle "playchess.com"]
[Source "ChessBase"]
[SourceQuality "1"]

{[%evp 24,80,11,12,59,65,123,122,139,137,160,162,157,149,156,152,454,456,435,435,444,338,512,503,519,507,509,506,514,533,547,545,537,540,572,551,627,625,627,626,625,620,684,671,623,508,912,883,936,863,913,908,1312,874,5497,5493,2879,-29987,-29988]} 1. Nf3 Nf6 2. g3 b6 3. Bg2 Bb7 4. O-O e6 5. c4 Be7 6. Nc3 O-O 7. Re1 d5 8. cxd5 exd5 9. d4 Nbd7 10. Bf4 Nh5 {E17: Queen's Indian: 4 g3 Bb7 5 Bg2 Be7} (10... Ne4 11. Qb3 Ndf6 12. Red1 c5 13. dxc5 Bxc5 14. Nxe4 Nxe4 15. Be3 Re8 16. Bd4 Ba6 17. e3 Be2 18. Re1 Bxf3 19. Bxf3 Bxd4 20. exd4 {1-0 (58) Artemiev,V (2704)-Bologan,V (2610) Poikovsky 2018}) 11. Bd2 Nhf6 12. Rc1 Ne4 13. Bf4 {LiveBook: 23 Games} Bb4 14. Bxc7 Qxc7 $146 (14... Qe7 $14) ({Predecessor:} 14... Qe7 15. Bf4 Bxc3 16. bxc3 Rac8 17. Qb3 g5 18. Be3 f5 19. Nxg5 Nxg5 20. Bxg5 Qxg5 21. Bxd5+ Bxd5 22. Qxd5+ {½-½ (54) Horvath,T (2087)-Suta,A (2075) Gyor 2016}) 15. Nxe4 $16 Qb8 16. Nc3 a6 17. Qb3 Qd6 18. a3 Ba5 19. Qc2 {[#] And now b4 would win.} Rac8 $2 (19... Bxc3 $16 20. Qxc3 Rac8) 20. b4 $18 Bxb4 21. axb4 Qxb4 22. Qb1 Qa5 (22... Qxb1 $142 23. Nxb1 b5) 23. Bh3 Rxc3 24. Rxc3 Qxc3 25. Bxd7 b5 26. Rc1 Qa5 27. Bc6 Bxc6 28. Rxc6 b4 29. Qd3 Qa1+ 30. Kg2 a5 31. Qb5 Qa2 32. Ra6 Qc4 33. Rxa5 b3 34. Qxd5 Qxe2 (34... Qxd5 $142 35. Rxd5 Rb8) 35. Qxb3 h6 36. Rb5 g5 37. h3 Qe4 38. Rb8 h5 39. Rxf8+ Kxf8 40. Qxf7+ $4 {[%mdl 8192] [#]} (40. Qb8+ $18 Kg7 41. Qe5+ Qxe5 42. dxe5) 40... Kxf7 {Accuracy: White = 66%, Black = 33%.} 0-1

[Event "European Blitz-ch 2018"]
[Site "Skopje"]
[Date "2018.12.06"]
[Round "3"]
[White "Loginov, Valery A"]
[Black "Ivanisevic, Ivan"]
[Result "0-1"]
[WhiteElo "2478"]
[BlackElo "2603"]
[Annotator "TA"]
[PlyCount "44"]
[EventDate "2018.12.06"]
[EventType "swiss"]
[EventCountry "MKD"]
[SourceTitle "playchess.com"]
[Source "ChessBase"]
[SourceQuality "1"]

{[%evp 18,44,71,53,77,0,0,0,7,-6,13,18,14,4,11,18,18,0,64,0,25,0,66,56,63,74,105,50,46]} 1. Nf3 c5 2. g3 Nc6 3. d4 cxd4 4. Nxd4 Nf6 5. Bg2 e5 6. Nxc6 bxc6 7. O-O d5 {[%cal Bd7d5,Bd5d4][%mdl 32]} 8. c4 h6 {D02: 1 d4 d5 2 Nf3 sidelines, including 2...Nf6 3 g3 and 2...Nf6 3 Bf4} (8... Be6 9. Qa4 Qd7 10. Nc3 Rc8 11. cxd5 cxd5 12. Qxd7+ Kxd7 13. Rd1 Bc5 14. Nxd5 Nxd5 15. Bxd5 Bxd5 16. Rxd5+ Ke6 {½-½ (16) Andersen,M (2605)-Kravtsiv,M (2685) Batumi 2018}) 9. Nc3 Be6 10. Qa4 {LiveBook: 4 Games} Bd7 11. Rd1 (11. cxd5 $16 cxd5 12. Qa6) 11... Be7 $11 12. Qa6 $146 {[%cal Rc4d5]} ({Predecessor:} 12. cxd5 cxd5 13. Qc2 d4 14. Bxa8 Qxa8 {0-1 (26) Gohla,U-Khodadadi,F Germany 1992}) 12... d4 13. Ne4 O-O 14. Nxf6+ Bxf6 15. Bxc6 Bxc6 16. Qxc6 Rc8 17. Qa6 e4 {[#]} (17... Re8 $11) 18. Bf4 (18. Be3 $1 $14 {[%mdl 512]}) 18... Re8 19. Rac1 Qd7 (19... Qe7 $11) 20. c5 $14 Qg4 21. c6 h5 {[%cal Bh6h5,Bh5h4][%mdl 32]} 22. c7 (22. Rc5 $16) 22... h4 {[%mdl 32768] Accuracy: White = 57%, Black = 30%. . Loss on time!?} 0-1

[Event "European Blitz-ch 2018"]
[Site "Skopje"]
[Date "2018.12.06"]
[Round "3"]
[White "Kevlishvili, Robby"]
[Black "Uruci, Endrit"]
[Result "1-0"]
[WhiteElo "2451"]
[BlackElo "2190"]
[Annotator "TA"]
[PlyCount "93"]
[EventDate "2018.12.06"]
[EventType "swiss"]
[EventCountry "MKD"]
[SourceTitle "playchess.com"]
[Source "ChessBase"]
[SourceQuality "1"]

{[%evp 20,93,42,25,28,12,58,-2,0,0,118,46,58,47,51,44,33,0,-4,-45,-27,-39,-32,-20,-18,-20,0,0,83,80,85,78,154,114,101,107,116,56,95,94,87,63,61,59,60,29,41,28,41,24,36,54,158,149,190,190,192,197,270,214,358,343,402,406,482,476,469,468,641,616,2405,506,2225,2377,29965,5285]} 1. e4 e5 2. Nf3 Nf6 3. Nxe5 d6 4. Nf3 Nxe4 5. d3 Nf6 6. d4 d5 7. Bd3 Bd6 8. Qe2+ Qe7 9. Qxe7+ Bxe7 10. Bf4 {C01: French: Exchange Variation} c6 11. O-O {LiveBook: 11 Games} Nh5 $146 ({Predecessor:} 11... O-O 12. Re1 Re8 13. Nbd2 Bg4 14. Ne5 Be6 15. Nb3 a5 16. Nc5 Bxc5 17. dxc5 Nbd7 18. Nxd7 Bxd7 {1-0 (33) Carlsen,M (2838)-Meier,G (2630) chess.com INT 2017}) 12. Bd2 {White has an edge.} Be6 13. Ne5 (13. Ng5 $14) 13... Nd7 $11 14. f4 f6 (14... g6 $11) 15. f5 (15. Nxd7 $16 {Strongly threatening Nc5.} Bxd7 16. f5) 15... fxe5 $14 16. fxe6 Nf8 $1 17. dxe5 {[#] And now g4 would win.} g6 18. Nc3 (18. c4 $5 {[%cal Rc4d5]} d4 19. Bh6 (19. g4 Ng7 $11) 19... Nxe6 20. g4 $14) 18... Nxe6 19. Be2 Nhg7 20. Bg4 h5 21. Be2 {[%cal Bg4e2,Be2d3,Bd3g6][%mdl 32]} Bc5+ 22. Kh1 Bd4 23. Bd3 g5 (23... Nf5 $11 {keeps the balance.}) 24. Bg6+ $16 Kd8 25. Rae1 Rf8 (25... g4 $142) 26. Rxf8+ {[%mdl 64] [#] Overworked Piece} Nxf8 27. Bxg5+ Kc7 28. Bd3 ({Better is} 28. Bf7 $16) 28... Re8 29. Bf6 Nge6 30. Ne2 Bxb2 31. Rb1 Ba3 32. g3 $36 {[%mdl 2048] White has good play.} Nd7 33. Bg6 Nxf6 34. exf6 Rf8 35. f7 Nd8 (35... Rh8 $1 $14) 36. Rf1 Kd7 37. Bxh5 Bd6 38. Nd4 c5 (38... Rh8 $142) 39. Nf5 Be5 (39... c4 {was necessary.} 40. Kg2 Ba3) 40. Nh4 Kd6 41. g4 {[%cal Bg3g4,Bg4g5,Bg5g6][%mdl 32]} d4 42. g5 c4 43. g6 Ne6 44. Nf5+ Kd5 45. Bf3+ Kc5 46. Re1 Ng5 47. Rxe5+ {Accuracy: White = 66%, Black = 41%.} 1-0

[Event "European Blitz-ch 2018"]
[Site "Skopje"]
[Date "2018.12.06"]
[Round "3"]
[White "Blohberger, Felix"]
[Black "Blagojevic, Dragisa"]
[Result "1/2-1/2"]
[WhiteElo "2447"]
[BlackElo "2497"]
[Annotator "TA"]
[PlyCount "112"]
[EventDate "2018.12.06"]
[EventType "swiss"]
[EventCountry "MKD"]
[SourceTitle "playchess.com"]
[Source "ChessBase"]
[SourceQuality "1"]

{[%evp 9,112,0,31,36,20,22,50,54,53,49,46,49,49,45,56,14,57,18,53,47,54,50,45,45,39,26,72,42,37,17,55,29,29,24,39,40,35,0,4,0,0,0,0,0,0,0,33,33,33,47,27,0,0,0,0,0,0,0,7,8,8,8,9,3,8,3,8,8,8,0,8,8,8,8,8,0,0,0,0,0,0,0,8,0,0,0,9,9,9,8,8,0,0,0,0,0,0,0,0,0,0,0,0,0,0]} 1. d4 d5 2. Bf4 c5 3. e3 Nc6 4. Nf3 Nf6 5. Nbd2 (5. c3 e6 6. Nbd2 cxd4 7. exd4 Nh5 8. Bg5 f6 9. Be3 Bd6 10. Bb5 O-O 11. O-O Ne7 12. Re1 Bd7 13. Bd3 g6 14. Bh6 Rf7 {½-½ (83) Caruana,F (2822)-Aronian,L (2767) chess.com INT 2018}) 5... Nh5 {LiveBook: 7 Games} 6. dxc5 {D02: 1 d4 d5 2 Nf3 sidelines, including 2...Nf6 3 g3 and 2...Nf6 3 Bf4} Nxf4 7. exf4 e6 8. Nb3 $146 {White is slightly better.} ({Predecessor:} 8. c3 Bxc5 9. Nb3 Bd6 10. g3 O-O 11. Bd3 h6 12. O-O a6 {1-0 (36) Menna Barreto,F (2321)-Poeta,C (2125) Sao Paulo 2018}) 8... Bxc5 {[%mdl 64] [#] Decoy} 9. Nxc5 {Strongly threatening Qd2.} Qa5+ {[%mdl 64] Double Attack} 10. c3 {Threatens to win with Nb3.} Qxc5 11. Bd3 g6 12. g3 Bd7 13. Qe2 d4 14. Rc1 O-O 15. O-O dxc3 16. Rxc3 Qa5 17. a3 Rfd8 18. b4 Qb6 19. Be4 Be8 20. h4 a5 21. bxa5 Rxa5 22. Rb1 Qa7 23. Rcb3 Rxa3 24. Rxb7 Nd4 25. Nxd4 Qxd4 26. Kg2 Ra4 27. Bf3 Ra3 28. Rb8 Rd3 29. Rxd8 Qxd8 30. Rd1 Rxd1 {The position is equal.} 31. Qxd1 Qc7 32. Qe2 Qc5 33. Qe5 Qe7 (33... Qc8 {keeps more tension.} 34. Qd6 h5 35. Qb6 Qd7 36. Qa6 Qa4) 34. Qb8 Kg7 35. Qb2+ f6 36. Qb6 Bf7 37. Qd4 h5 38. Kg1 Qa3 39. Kg2 Qa5 40. Qd7 Qc5 41. Qb7 e5 42. fxe5 Qxe5 43. Qd7 Kf8 44. Qc8+ Kg7 45. Qb7 Qf5 46. Be4 Qe6 47. Qc6 g5 48. Qxe6 Bxe6 $11 {[%mdl 4096] Endgame KB-KB} 49. Bf3 Kg6 50. hxg5 fxg5 51. Be4+ Bf5 52. Bd5 Kf6 53. f3 Bg6 54. Bc6 Ke5 55. Kf2 Kd4 56. Bb7 Ke5 {Accuracy: White = 53%, Black = 53%.} 1/2-1/2